Istituti metrici e formali (Record n. 59392)
[ formato base ]
| 000 -LEADER | |
|---|---|
| fixed length control field | 01025nam a2200301Ia 4500 |
| 001 - CONTROL NUMBER | |
| control field | 60847 |
| 003 - CONTROL NUMBER IDENTIFIER | |
| control field | IT-RoPAU |
| 008 - FIXED-LENGTH DATA ELEMENTS--GENERAL INFORMATION | |
| fixed length control field | 130308s9999 xx 000 0 und d |
| 040 ## - CATALOGING SOURCE | |
| Original cataloging agency | IT-RoPAU |
| 040 ## - CATALOGING SOURCE | |
| Transcribing agency | IT-RoPAU |
| 041 ## - LANGUAGE CODE | |
| Language code of text/sound track or separate title | ITALIANO |
| 999 ## - SYSTEM CONTROL NUMBERS (KOHA) | |
| Koha Dewey Subclass [OBSOLETE] | SI |
| 100 ## - MAIN ENTRY--PERSONAL NAME | |
| Personal name | Fabbri Paolo |
| 100 ## - MAIN ENTRY--PERSONAL NAME | |
| Miscellaneous information | Codice Aut. SPICS: 9716 |
| 245 ## - TITLE STATEMENT | |
| Title | Istituti metrici e formali |
| 245 ## - TITLE STATEMENT | |
| Remainder of title | Storia dell'Opera Italiana-6-Teorie e Tecniche, immagini e Fantasmi |
| 250 ## - EDITION STATEMENT | |
| Edition statement | 1a ed. |
| 260 ## - PUBLICATION, DISTRIBUTION, ETC. (IMPRINT) | |
| Place of publication, distribution, etc. | TORINO |
| 260 ## - PUBLICATION, DISTRIBUTION, ETC. (IMPRINT) | |
| Name of publisher, distributor, etc. | EDT |
| 260 ## - PUBLICATION, DISTRIBUTION, ETC. (IMPRINT) | |
| Date of publication, distribution, etc. | 1988 [1° Ed.:1988 - Ed.Ling.Originale:1988] |
| 300 ## - PHYSICAL DESCRIPTION | |
| Extent | "71 p. (prefazione: no ; testo: 71 [pagine: 163-233])" |
| 500 ## - GENERAL NOTE | |
| General note | Metro e ritmo Forma Aperta Prosodia dei versi Sciolti Forma chiusa Aria Recitativo e Cavata Classicità del melodramma Metastasio Opera comica Dinamismo comico dell'Opera Seria fortuna romantica dei versi Parisillabi Asimmetria Come Programma |
| 650 ## - SUBJECT ADDED ENTRY--TOPICAL TERM | |
| Topical term or geographic name as entry element | GENERI MUSICALI |
| 650 ## - SUBJECT ADDED ENTRY--TOPICAL TERM | |
| Relator term | Codice materia Spics: 7010 |
| 942 ## - ADDED ENTRY ELEMENTS (KOHA) | |
| Koha item type | LIBRO |
| 957 ## - | |
| -- | 1 |
| 999 ## - SYSTEM CONTROL NUMBERS (KOHA) | |
| -- | 1 |
| Withdrawn status | Lost status | Damaged status | Not for loan | Home library | Current library | Date acquired | Total Checkouts | Full call number | Date last seen | Price effective from | Koha item type | Public note |
|---|---|---|---|---|---|---|---|---|---|---|---|---|
| Buone Condizioni | Not For Loan | SPICS-MEDIATECA | SPICS-MEDIATECA | 08/03/2013 | 60847 | 08/03/2013 | 08/03/2013 | LIBRO | Progressivo inserimento: 49329 / N. Volumi: 0 [=Contributo] Copie: 1 Copia Rara: SI / data import: 1 marzo 2013 - By Epidotti, Trombetti, Vaglietti. |